=LDR 00000nam 2200000 4500 =001 INLIS000000000024245 =005 20130612122839 =008 ***********************************Ind** =035 ##$$0010-061300000024245 =041 ##$$a Ind =082 ##$$a 2X9 =090 ##$$a 2X9, Mau k =100 ##$$a Al-Maududi, Abdul A'la =245 ##$$a Khilafah dan kekerajaan, Abul A'la Al-Maudodi =260 ##$$a 1993 $b bandung =300 ##$$a 456 hlm, 21 cm =650 ##$$a Nuansa islami =850 ##$$a NBPNMAT